Španielsky hovoriaci migranti v Slovenskej republike

Práca cudzincov na Slovensku, ktorí pochádzajú z krajín, v ktorých je úradným jazykom španielčina. Migranti zo Španielska, Kolumbie, Kuby, Ekvádoru a Mexika, ich vzdelanostná úroveň, druh pracovnej činnosti a dĺžka pracovného pomeru na Slovensku.

Salvato in:
Dettagli Bibliografici
Autore principale: Kiner, Andrej, 1996-
Natura: Capitolo di libro
Lingua:inglese
Soggetti:
Tags: Aggiungi Tag
Nessun Tag, puoi essere il primo ad aggiungerne!!

MARC

LEADER 00000naa a2200000 4500
001 0282754
005 20240502074406.1
041 0 |a eng 
044 |a SK 
245 1 0 |a Španielsky hovoriaci migranti v Slovenskej republike  |c Andrej Kiner 
520 |a Práca cudzincov na Slovensku, ktorí pochádzajú z krajín, v ktorých je úradným jazykom španielčina. Migranti zo Španielska, Kolumbie, Kuby, Ekvádoru a Mexika, ich vzdelanostná úroveň, druh pracovnej činnosti a dĺžka pracovného pomeru na Slovensku. 
610 2 0 |a migrácia 
610 2 0 |a vzdelanie 
610 2 0 |a trh práce 
610 2 0 |a zamestnanie 
610 2 0 |a cudzinci 
610 2 0 |a španielčina 
610 2 0 |a Slovensko 
100 1 |a Kiner, Andrej, 1996-